01111agaaa2200241 45000010005000000030009000050050017000140070009000310080040000400400023000800410013001031000048001161300049001642450162002132500022003752600123003973000034005205200173005545380009007275460013007366500060007497000060008090561IT-RoPAU20220918181306.0d cvaizq50131s9999||||xx ||| | || ||und|| aIT-RoPAUcIT-RoPAU aITALIANO aFuscagni CarlogCodice regista SPICS: 21031 aIN NOME DELLA VITA (IL PROBLEMA DELL'ABORTO) aIN NOME DELLA VITA (IL PROBLEMA DELL'ABORTO)cDiretto da: Fuscagni CarlopIN NOME DELLA VITA (IL PROBLEMA DELL'ABORTO) (Rif. Codice opera principale : V0561) aEdizione Standard aROMA (ITALIA)bSAMPAOLO FILM AUDIOVISIVI / Distribuzione: SPF FIRENZEg"1986 (1° ed.: 1993 ; Ed. Lingua Orig.: 1986)" a16MMbsonoro, col.c12 minuti aSTORIA DI UN FETO DAL SUO CONCEPIMENTO FINO AL GIORNO DELL'ABORTO UTILIZZANDO IL CONTESTO NARRATIVO DEL RACCONTO LETTERA A UN BAMBINO MAI NATO. PELLICOLA ANCHE IN 35MM. aMONO aITALIANO aDIDATTICOePELLICOLE [16MM]xCodice MATERIA SPICS: 9956 aFuscagni Carlo e(regista)gCodice regista SPICS: 21031